Летопись Православия (Запис № 406801)

МАРК-запис
000 -Лідер
fixed length control field 01008cas a22002897a 4500
001 - Контрольний номер
control field 120525
003 - Ідентифікатор контрольного номера
control field UA-OsUOA
005 - Дата та час останнього входження (трансакції)
control field 20190927102845.0
007 - Фіксоване поле фізичного опису
fixed length control field ta
008 - Елементи даних фіксованої довжини – загальна інформація
fixed length control field 201702c1993 un mr|n||00| 0 ukr drus d
040 ## - Джерело каталогізації
Агенція оригінальної каталогізації UA-OsUOA
Мова каталогізації rus
Агенція, яка здійснювала перезапис UA-OsUOA
Агенція, яка здійснювала модифікацію UA-OsUOA
041 ## - Код мови
Код мови тексту/ звукової доріжки чи окремого заголовка (П) rus
044 ## - Код країни видавця/ виробника
Код країни видавця/ виробника (П) UA
080 ## - Індекс Універсальної десяткової класифікації
Індекс Універсальної десяткової класифікації (УДК) (НП) 2
090 ## - Локальний шифр розміщення
Класифікаційний індекс УДК 2
Авторський знак (НП) Л52
099 ## - Місцевий розмір звичайного тексту (OCLC)
Передплатний індекс 41386
110 ## - Наймення організації – загальна інформація
Найменування колективу або юрисдикції як початковий елемент введення Учредитель и издатель: Запорожская епархия УПЦ
245 ## - Відомості про назву
Назва (НП) Летопись Православия
Дані про відповідальність (НП) глав. ред. Митрополит Запорожский и Мелитопольский Лука
Решта назви (НП) официальное издание Запорожской Епархии Украинской Православной Церкви
260 ## - Публікація, розповсюдження і т.п. (Вихідні дані)
Місце публікації, розповсюдження і т.п. (П) К.
310 ## - Поточна періодичність
Поточна періодичність щомісяця
650 #7 - Додаткове предметне введення – тематичний термін
Тематичний термін чи географічна назва, як елемент введення (НП) 2 Релігія. Теологія.
Джерело заголовка чи терміна UDC
942 ## - Додаткові елементи входу (Коха)
Тип елемента Koha Газета
Source of classification or shelving scheme Universal Decimal Classification
955 ## - Код типу видання за змістом
Код типу видання за змістом (НП) інше
962 ## - Рік початку публікації
Рік 1993

Немає доступних примірників.